Environmentálne inovácie - kľúčový predpoklad konkurencieschopnosti
Teória ekologickej modernizácie. Ekologická modernizácia a environmentálne inovácie. Koncepcia TEM,
Saved in:
| Main Author: | |
|---|---|
| Format: | Book Chapter |
| Language: | Slovak |
| Subjects: | |
| Tags: |
No Tags, Be the first to tag this record!
|
MARC
| LEADER | 00000nla$a2200000$$$4500 | ||
|---|---|---|---|
| 001 | 0103363 | ||
| 005 | 20240502072125.9 | ||
| 041 | 0 | |a slo | |
| 044 | |a SK | ||
| 245 | 1 | 0 | |a Environmentálne inovácie - kľúčový predpoklad konkurencieschopnosti |c Viliam Jachymovič |
| 520 | |a Teória ekologickej modernizácie. Ekologická modernizácia a environmentálne inovácie. Koncepcia TEM, | ||
| 610 | 2 | 0 | |a politika environmentálna |
| 610 | 2 | 0 | |a konkurencieschopnosť |
| 610 | 2 | 0 | |a politika ekologická |
| 610 | 2 | 0 | |a inovácia |
| 610 | 2 | 0 | |a prostredie životné |
| 610 | 2 | 0 | |a podnik |
| 610 | 2 | 0 | |a výroba |
| 100 | 1 | |a Jachymovič, Viliam | |